LUMNITZER, Ján Juraj výtvarný pedagóg, maliar, grafik (31. 5. 1783 Spišská Nová Ves - 22. 1. 1864 Brno)

Bibliographic Details
Format: Article
Language:Slovak
ISBN:8070900199 viaz
Subjects:

MARC

LEADER 00000naa a2200000uu 4500
001 vtls010921033
003 SK-MaSNL
005 20260302131334.0
008 220808|1989 xo |||||||||||||||||slo|
015 |a SNBRA 
035 |a (urnnbn)urn:nbn:sk:snk:ar-a0czw7 
035 |a (uuid)e011d51f-aa42-4224-8142-a4ed4a94218f 
035 |a urn:nbn:sk:snk-aatolp 
040 |a SNKBUCL  |b slo  |c SNKBUCL  |e AACR2 
041 0 |a slo 
044 |a xo  |c SK 
245 0 0 |a LUMNITZER, Ján Juraj  |b výtvarný pedagóg, maliar, grafik (31. 5. 1783 Spišská Nová Ves - 22. 1. 1864 Brno) 
655 7 |a biografické heslá  |2 SNKPH  |9 368942 
773 0 |t Slovenský biografický slovník : (od roku 833 do roku 1990). III. zväzok, K-L  |d Martin : Matica slovenská, 1989  |g S. 441  |z 8070900199 viaz 
954 |a odborná, vedecká literatúra pôvodná (slovenská)  |2 lita 
958 |a BX 
958 |a OND 
958 |a chapter 
958 |a article25 
999 |c 1306040  |d 1307970